Safest Countries for Children Quiz Stats

 Plays Quiz not verified by Sporcle

Score 0/21 Timer 04:00
0 Plays Today
Continent Country % Correct
North America United States
99%
North America Canada
97.5%
Europe Sweden
96.5%
EuropeSpain
95%
EuropeNorway
95%
EuropeGermany
95%
EuropeUnited Kingdom
95%
EuropeFrance
94.8%
EuropeFinland
94.6%
EuropeItaly
93.7%
EuropePortugal
92.1%
Continent Country % Correct
EuropeDenmark
91.6%
EuropeSwitzerland
91.6%
EuropeAustria
90.2%
EuropeNetherlands
90%
EuropeBelgium
89.8%
EuropeIreland
89.1%
EuropePoland
85%
EuropeGreece
84.8%
EuropeCzech Republic
79.5%
EuropeHungary
76%

You're not logged in!

Compare scores with friends on all Sporcle quizzes.
OR
Log In

Show Comments

Extras

Top Quizzes Today


Score Distribution

Your Account Isn't Verified!

In order to create a playlist on Sporcle, you need to verify the email address you used during registration. Go to your Sporcle Settings to finish the process.

Report this User

Report this user for behavior that violates our Community Guidelines.

Details: